000 00590nam a2200205 4500
008 b xx# fre u
010 _a42912/3/4
020 _a2011350077
020 _a9782011350077
040 _aLB-BrCRDP
082 _aM:F/T323m
100 1 _aTerracher, Pierre-Henri
130 0 _lFR
245 1 0 _aMath terminale S
_cPierre-Henri Terracher, Robert Ferachoglou
260 _aParis
_bHachette
_c1994
490 0 _aTerracher
500 _aEnseignement de spécialité + enseignement obligatoire + corrigés
942 _cBK
999 _c11261
_d11261